00814nam a2200229 i 4500003000900000005001700009007000300026008004100029040003000070082001300100245006800113264003700181300002600218336002700244337003400271338002800305590002700333910001400360942001300374952018000387999001700567DO-SdBNP20230913140000.0ta110413s1985 dr 000 0 spa d aDO-SdBNPbspacBNPHUerda bM95322203aLa mujer dominicana :bevaluación de una década 1975-1985 / aSanto Domingo :bGente,c[1985]. a22 páginas c21 cm. 2rdacontentatextobtxt 2rdamediaasin mediación bn 2rdacarrieravolumenbnc aInventariado, 2023/ YL aYLockward 2ddccLF2 00102ddc51708DS-FaBNPHUbBNPHUcCTd2014-12-01eBarbara Suncarl0oM953p2023-5845r2023-09-13w2023-09-13yLF2zPerteneció a la biblioteca personal de Bárbara Suncar c54733d54733